| 000 | 00872nam a2200265 a 4500 | ||
|---|---|---|---|
| 001 | 29711 | ||
| 003 | BD-RjUL | ||
| 005 | 20211209051441.0 | ||
| 008 | 140407r19611948enk b 000 0 eng c | ||
| 035 | _a(BD-RjUL)29796 | ||
| 040 |
_aMH _cMH _dDLC _dBD-RjUL _beng |
||
| 041 | _aeng | ||
| 082 | 0 | 0 |
_a370.7 _bLEE 1961 |
| 100 | 1 |
_aLeavis, F. R. _q(Frank Raymond), _d1895-1978. _953241 |
|
| 245 | 1 | 0 |
_aEducation & the university : _ba sketch for an "English school" / _cBy F.R. Leavis. |
| 260 |
_aLondon : _bChatto and windus, _c1948 [Reprinted 1961]. |
||
| 300 |
_a171 p. ; _c22 cm. |
||
| 504 | _aIncludes bibliographical references. | ||
| 650 | 0 |
_aEducation, Higher. _990469 |
|
| 650 | 0 |
_aUniversities and colleges _zEngland. _990470 |
|
| 650 | 0 |
_aLiterature _xStudy and teaching _zEngland. _990471 |
|
| 942 |
_2ddc _cBK |
||
| 999 |
_c29711 _d29711 |
||